000 00488nam a22001937a 4500
003 OSt
005 20151029121945.0
008 130308t xxu||||| |||| 00| 0 eng d
020 _a9780460873185
050 _aPR 5853
_b.W925 2000
082 _aIB 821.008
_bW89 2000
100 _aWordsworth, William
245 _aSelected poems /
_cWilliam Wordsworth.
260 _aLondon
_bTuttle Publishing
_c2000
300 _a506 p.
_c20 cm
562 _e1
942 _2lcc
_cBK
999 _c2281
_d2281